1350 1738 1298 1457 1382 1657 1338 1079 1476 1153 1598 1433 1995 1099 1383 1692 1661 1868 1809 1776 1119 1280 1673 1897 1664 1786 1308 1108 1862 1299 1249 1978 1420 1869 1169 1420 1075 1747 1060 1897 1693 1986 1902 1303 1302 1006 1593 1461 1829 1242 1973 1287 1363 1796 1678 1147 1374 1371 1227 1037 1277 1080 1028 1885 1870 1856 1790 1890 1178 1577 1376 1226 1859 1025 1273 1616 1107 1421 1237 1994 1433 1949 1994 1377 1523 1026 1680 1650 1852 1624 1738 1675 1936 1981 1403 1279 1825 1059 1066 BCNSPRNW ULIB Ver.6.0+V

เปลี่ยนเป็นภาษาไทย

Change to English
 แสดงรายละเอียดบรรณานุกรม
  กลับหน้าหลัก

Brief Record : Get Marc (ISO 2709) : E-mail record : QR code < ปิดหน้าต่าง
LEADER : 00000nam 2200000uu 4500
001    13399108140
003     ULIB
008    110219s2551||||th 000 0 tha d
020    9789749510261 (ล.2)
060 04 WB110^bส846ต ล.2
100 0  สุรเกียรติ อาชานานุภาพ
245 10 ตำราการตรวจรักษาโรคทั่วไป 2/^cสุรเกียรติ อาชานานุภาพ
250    พิมพ์ครั้งที่ 4 (ฉบับปรับปรุง)
260    กรุงเทพฯ :^bหมอชาวบ้าน,^c2551
300    2 เล่ม :^bภาพประกอบ ;^c26 ซม.
650  7 การรักษาด้วยยา
650  7 การประกอบวิชาชีพเวชกรรม
650  7 การรักษาโรค
650  7 การวินิจฉัยโรค
650  7 โรค
740 02 แนวทางการตรวจรักษาโรคและการใช้ยา
740 02 350 โรคกับการดูแลรักษาและการป้องกัน
945    ^p880^l0^i023310
945    ^p880^l0^i023308
945    ^p880^l0^i023307
945    ^p880^l0^i023306
945    ^p880^l0^i023305
945    ^p880^l0^i023303
945    ^p880^l0^i023301
945    ^p880^l0^i023302
945    ^p880^l0^i023300
945    ^p880^l0^i023299
945    ^p880^l0^i023298
945    ^p880^l0^i023296
945    ^p880^l0^i023295
945    ^p880^l0^i023294
945    ^p880^l0^i023309
945    ^p880^l0^i023304
945    ^p880^l0^i023297
995    ทศพร
999 ^a ใช้งานได้ทุกระบบ
รายการนี้ยังไม่มีแท็ก
คุณยังไม่ได้ล็อกอิน คุณสามารถมีกิจกรรมร่วมกับเว็บไซต์ได้ แต่ต้องล็อกอินก่อน ::
  ล็อกอิน

รายการสื่อสารสนเทศ

ลำดับที่ ประเภท เลขเรียก/บาร์โค้ด สถานที่ สถานะ
1. วิทยาศาสตร์การแพทย์ และสุขภาพ
วิทยาศาสตร์การแพทย์ และสุขภาพ
สถานะ=หนังสือเก่า
WB110 ส846ต ล.2 ฉ.6 
  Barcode: 023299
ห้องสมุดวิทยาเขตสวรรค์ประชารักษ์
►หนังสือทั่วไป
บนชั้น
2. วิทยาศาสตร์การแพทย์ และสุขภาพ
วิทยาศาสตร์การแพทย์ และสุขภาพ
สถานะ=หนังสือเก่า
WB110 ส846ต ล.2 ฉ.7 
  Barcode: 023300
ห้องสมุดวิทยาเขตสวรรค์ประชารักษ์
►หนังสือทั่วไป
บนชั้น

รายการใกล้เคียง
    ผู้แต่ง [สุรเกียรติ อาชานานุภาพ]

    หัวเรื่อง [การรักษาด้วยยา]
    หัวเรื่อง [การประกอบวิชาชีพเวชกรรม]
    หัวเรื่อง [การรักษาโรค]
    หัวเรื่อง [การวินิจฉัยโรค]
    หัวเรื่อง [โรค]

BibComment


ยังไม่เคยถูกคอมเมนท์

คอมเมนท์ทรัพยากรรายการนี้
  คอมเมนท์: ตำราการตรวจรักษาโ..


 Copyright 2026. Bcnsprnw @Library